[Event "FSIMA October"]
[Site "Budapest HUN"]
[Date "2001.10.13"]
[Round "8"]
[White "Berczes,D"]
[Black "Somogyi,I"]
[Result "1/2-1/2"]
[WhiteElo "2140"]
[BlackElo "2254"]

1.e4 c5 2.Nf3 e6 3.d4 cxd4 4.Nxd4 Nc6 5.Nc3 Qc7 6.Be2 a6 7.O-O Nf6 8.Be3 Bb4
9.Na4 Be7 10.Nxc6 bxc6 11.Nb6 Rb8 12.Nxc8 Qxc8 13.e5 Nd5 14.Bd4 c5 15.c4 cxd4
16.cxd5 Qc5 17.dxe6 fxe6 18.Re1 O-O 19.Bd3 g6 20.b3 Bg5 21.Re2 a5 22.Qc2 Qxc2  1/2-1/2

[Event "World Teams"]
[Site "Yerevan ARM"]
[Date "2001.10.14"]
[Round "3"]
[White "Mahjoob,M"]
[Black "Lutz,C"]
[Result "1/2-1/2"]
[WhiteElo "2366"]
[BlackElo "2643"]

1.e4 c5 2.Nf3 e6 3.d4 cxd4 4.Nxd4 Nc6 5.Nc3 Qc7 6.Be3 a6 7.Bd3 b5 8.Nxc6 Qxc6
9.O-O Bb7 10.Re1 Nf6 11.a3 Be7 12.Qf3 Qc7 13.Bf4 d6 14.a4 b4 15.Na2 Qa5 16.c3 bxc3
17.Nxc3 O-O 18.Rab1 Rac8 19.Qe2 d5 20.exd5 Nxd5 21.Nxd5 Qxd5 22.Be4 Qxe4  1/2-1/2

[Event "Lasker Autumn GM"]
[Site "Bucharest ROM"]
[Date "2001.10.15"]
[Round "3"]
[White "Golubev,M"]
[Black "Podinic,V"]
[Result "1-0"]
[WhiteElo "2530"]
[BlackElo "2366"]

1.e4 c5 2.Nf3 e6 3.Nc3 Nc6 4.d4 cxd4 5.Nxd4 Qc7 6.Be3 a6 7.Bd3 Nf6 8.O-O Ne5
9.h3 Bc5 10.Kh1 d6 11.f4 Ng6 12.Qe1 O-O 13.f5 Ne5 14.Qh4 b5 15.Rf3 Nxf3 16.gxf3 Qb6
17.Rg1 Bxd4 18.e5 Bxe3 19.Rxg7+ Kh8 20.Rxh7+ Nxh7 21.f6  1-0

[Event "FSGM October"]
[Site "Budapest HUN"]
[Date "2001.10.15"]
[Round "10"]
[White "Todorovic,GM"]
[Black "Fogarasi,T"]
[Result "1/2-1/2"]
[WhiteElo "2517"]
[BlackElo "2450"]

1.e4 c5 2.Nf3 e6 3.d4 cxd4 4.Nxd4 Nc6 5.Nc3 Qc7 6.Be3 a6 7.Qd2 Nf6 8.f3 Ne5
9.O-O-O b5 10.Kb1 Bb7 11.Nb3 Rc8 12.Qf2 Nfg4 13.fxg4 Nxg4 14.Qf3 Nxe3 15.Qxe3 b4
16.Rd3 bxc3 17.Rxc3 Qd8 18.Rxc8 Qxc8 19.Qd4 f6 20.Bc4 Be7 21.Rd1 Kf7 22.Qxd7 Qxc4
23.Qxb7 Rc8 24.Rc1 Rc7 25.Qb6 Rd7 26.Qe3 Bd8 27.Re1 a5 28.Nd2 Qb5 29.Nf3 a4
30.a3 Ba5 31.c3 Rd3 32.Qa7+ Rd7 33.Qe3 Rd3 34.Qa7+ Rd7  1/2-1/2

[Event "6th Wichern Open"]
[Site "Hamburg GER"]
[Date "2001.10.16"]
[Round "4"]
[White "Kotronias,V"]
[Black "Rahman,Zia"]
[Result "1/2-1/2"]
[WhiteElo "2548"]
[BlackElo "2476"]

1.e4 c5 2.Nf3 e6 3.d4 cxd4 4.Nxd4 Nc6 5.Nc3 a6 6.Be3 Qc7 7.Bd3 b5 8.Nxc6 Qxc6
9.O-O Bb7 10.a3 Ne7 11.a4 b4 12.Na2 Ng6 13.Qd2 Qxa4 14.c3 bxc3 15.Nxc3 Qc6
16.Na4 Ne5 17.Nb6 Rd8 18.Bxa6 Bxa6 19.Rxa6 Qxe4 20.Ra4 Qd3 21.Qc1 Be7 22.Bf4 Qb5
23.Bxe5 Qxe5 24.Rd1 Qc5 25.Ra6 d5 26.Qxc5 Bxc5 27.Nc4 O-O 28.Ne5 Ra8 29.Rxa8 Rxa8
30.Kf1 Bd6 31.Nc6 Ra6 32.Rc1 Rb6 33.Rc2 g5 34.Ke2 Kg7 35.g3 Kf6 36.f3 h5
37.Na5 Be5 38.b3 Rb5 39.Ra2 Bc7 40.Nc6 Rxb3 41.Ra7 Bb8 42.Rd7 Rb6 43.Nd8 Rb2+
44.Kf1 Rxh2 45.Rxf7+ Kg6 46.g4 hxg4 47.Rb7 Bf4 48.fxg4 e5 49.Rb6+ Kg7 50.Rd6 d4
51.Rd7+ Kf6 52.Rf7+ Kg6 53.Rd7 Rd2 54.Rd6+ Kh7 55.Rd7+ Kg8 56.Ne6 d3 57.Nc5 Rd1+
58.Kg2 Re1 59.Nxd3 Re2+ 60.Kf3 Re3+ 61.Kf2 Rg3 62.Nxe5 Bxe5 63.Rd5  1/2-1/2

[Event "YM"]
[Site "Zug SUI"]
[Date "2001.10.16"]
[Round "8"]
[White "Jenni,F"]
[Black "Medvegy,Z"]
[Result "1-0"]
[WhiteElo "2487"]
[BlackElo "2487"]

1.e4 c5 2.Nf3 e6 3.d4 cxd4 4.Nxd4 Nc6 5.Nc3 Qc7 6.Be2 a6 7.O-O b5 8.Nxc6 dxc6
9.f4 e5 10.Qe1 Be6 11.Qg3 Nf6 12.Be3 b4 13.Na4 Nxe4 14.Qe1 exf4 15.Bxf4 Bd6
16.Bxd6 Qxd6 17.Rd1 Qe7 18.Bf3 Bd5 19.Rd4 f5 20.Nb6 Rd8 21.Nxd5 cxd5 22.Qxb4 Qxb4
23.Rxb4 O-O 24.Rd1 Rd6 25.c3 Rfd8 26.Rbd4 Rb8 27.Bxe4 fxe4 28.R1d2 Rdb6 29.b3 Rc6
30.Rc2 Rb5 31.Kf2 Kf7 32.Ke3 Ke7 33.c4 Ra5 34.Rcd2 dxc4 35.Rxe4+ Kf6 36.Rf2+ Kg5
37.Rxc4 Re6+ 38.Kd4 Rd6+ 39.Kc3 Rd1 40.Kb2 h5 41.b4 Rf5 42.h4+ Kg6 43.Rc6+ Rf6
44.Rfxf6+ gxf6 45.Rxa6 Rd2+ 46.Kc3 Rxg2 47.b5 Rg1 48.a4 Rb1 49.Rc6 Kf7 50.Rc4  1-0

[Event "Sportland NRW Cup"]
[Site "Senden GER"]
[Date "2001.10.17"]
[Round "5"]
[White "Kummerow,H"]
[Black "Sandipan,C"]
[Result "0-1"]
[WhiteElo "2307"]
[BlackElo "2404"]

1.e4 c5 2.Nf3 e6 3.d4 cxd4 4.Nxd4 Nc6 5.Nc3 Qc7 6.Be3 a6 7.Be2 Nf6 8.O-O Be7
9.f4 d6 10.a4 O-O 11.Kh1 Bd7 12.Nb3 b6 13.Bf3 Rfe8 14.g4 Bc8 15.g5 Nd7 16.Bg2 Rb8
17.Qh5 g6 18.Qg4 Bf8 19.Qg3 Nb4 20.Rac1 Bb7 21.Nd4 e5 22.Nde2 exf4 23.Nxf4 Bg7
24.Qf2 Re7 25.Bd4 Be5 26.Bxe5 Nxe5 27.Nfd5 Nxd5 28.exd5 Nd7 29.Qd4 Qc5 30.Qf4 Rbe8
31.Ne4 Qxd5 32.Nf6+ Nxf6 33.Bxd5 Nxd5 34.Qh4 Nc3+ 35.Kg1 Ne2+ 36.Kf2 Re4
37.Qxe4 Rxe4 38.Rce1 Nd4 39.Rxe4 Bxe4 40.Ke3 Bg2  0-1

[Event "TCh-SLO"]
[Site "Bled SLO"]
[Date "2001.10.19"]
[Round "2"]
[White "Mikhalchishin,A"]
[Black "Mohr,G"]
[Result "1/2-1/2"]
[WhiteElo "2533"]
[BlackElo "2498"]

1.e4 c5 2.Nf3 e6 3.Nc3 Nc6 4.d4 cxd4 5.Nxd4 Nf6 6.Ndb5 d6 7.Bf4 e5 8.Bg5 a6
9.Na3 b5 10.Nd5 Be7 11.Bxf6 Bxf6 12.c3 Ne7 13.Nc2 Nxd5 14.Qxd5 Rb8 15.Nb4 O-O
16.Be2 Bb7 17.Qd3 Bg5 18.O-O a5 19.Nd5 Bc6 20.Rad1  1/2-1/2

[Event "TCh-ESP"]
[Site "Cala Galdana ESP"]
[Date "2001.10.19"]
[Round "7"]
[White "Llobel Cortell,E"]
[Black "Almagro Mazariegos,S"]
[Result "1-0"]
[WhiteElo "2376"]
[BlackElo "2234"]

1.e4 c5 2.Nc3 Nc6 3.Nf3 e6 4.d4 cxd4 5.Nxd4 Qc7 6.g3 a6 7.Bg2 Nf6 8.O-O Nxd4
9.Qxd4 Bc5 10.Bf4 d6 11.Qd2 h6 12.Rad1 e5 13.Be3 O-O 14.Bxc5 dxc5 15.Nd5 Nxd5
16.exd5 Qd6 17.f4 exf4 18.Qxf4 Qxf4 19.Rxf4 Rd8 20.Re1 Kf8 21.Rfe4 Bf5 22.Re7 Rd7
23.d6 Rxd6 24.Bxb7 Rb8 25.Rc7 Be6 26.b3 Rd2 27.Be4 Rb5 28.a4 Rb4 29.Rxc5 Bh3
30.Bd3 Rg2+ 31.Kh1 Rd2 32.Rce5 g6 33.R5e2 Rxd3 34.cxd3 Rxb3 35.Re8+ Kg7 36.Ra8 Rxd3
37.Rxa6 Rd2 38.Ra7 Bg2+ 39.Kg1 Bd5 40.Rd7 Rg2+ 41.Kf1 Bc6 42.Rc7 Bd5 43.Re2  1-0

[Event "4th Golden Autumn"]
[Site "Alushta UKR"]
[Date "2001.10.20"]
[Round "?"]
[White "Belikov,V"]
[Black "Arzumanian,G"]
[Result "0-1"]
[WhiteElo "2488"]
[BlackElo "2421"]

1.e4 c5 2.Nc3 Nc6 3.Nge2 e6 4.d4 cxd4 5.Nxd4 Qc7 6.Be2 a6 7.O-O Nf6 8.Kh1 Be7
9.f4 d6 10.a4 O-O 11.Be3 Bd7 12.Nb3 b6 13.Bf3 Rab8 14.g4 Bc8 15.g5 Nd7 16.Bg2 Re8
17.Qg4 Bf8 18.Rf3 g6 19.Raf1 Bg7 20.Qh4 Nf8 21.f5 Bxc3 22.f6 h5 23.bxc3 Ne5
24.Rg3 Qc4 25.Bd4 Nfd7 26.Re1 Qxa4 27.Bf1 Kh7 28.Qf4 Bb7 29.Bg2 a5 30.Rd1 Nc4
31.Bg1 e5 32.Qf1 Qc6 33.Nd2 Nxd2 34.Rxd2 Nf8 35.Qd1 Ne6 36.Rxd6 Red8 37.Rd5 Qc7
38.Be3 Nf4 39.Bxf4 exf4 40.Rh3 Bxd5 41.exd5 Qe5 42.Rd3 Rd6 43.h4 Rc8 44.Qd2 Rc4
45.Bf3 a4 46.Qc1 Rd8 47.Qa1 a3 48.Qxa3 Qe1+ 49.Kg2 Re8 50.Bd1 f3+ 51.Bxf3 Re2+
52.Bxe2 Qxe2+  0-1

[Event "4th Golden Autumn"]
[Site "Alushta UKR"]
[Date "2001.10.20"]
[Round "?"]
[White "Varavin,V"]
[Black "Zubarev,A1"]
[Result "1/2-1/2"]
[WhiteElo "2491"]
[BlackElo "2455"]

1.e4 c5 2.Nf3 Nc6 3.d4 cxd4 4.Nxd4 e6 5.Nc3 a6 6.g3 d6 7.Bg2 Bd7 8.O-O Qc7
9.Nxc6 Bxc6 10.Re1 Be7 11.Qg4 h5 12.Qe2 h4 13.a4 hxg3 14.hxg3 Nf6 15.Bd2 Rd8
16.Rad1 O-O 17.g4 d5 18.e5 Ne4 19.Nxe4 dxe4 20.Bxe4 Bxa4 21.Bf4 Rxd1 22.Rxd1 Rd8
23.Rxd8+ Bxd8 24.Qd3 Bb5 25.Qd6 Qxd6 26.exd6 Bc6 27.Bxc6 bxc6 28.Be3 e5 29.g5 Kf8
30.c4 f5 31.gxf6  1/2-1/2

[Event "TCh-FIN 2001-02"]
[Site "FIN"]
[Date "2001.10.20"]
[Round "2"]
[White "Tella,J"]
[Black "Lehtioksa,J"]
[Result "1-0"]
[WhiteElo "2440"]
[BlackElo "2173"]

1.e4 c5 2.Nf3 e6 3.Nc3 Nc6 4.d4 cxd4 5.Nxd4 Nf6 6.Nxc6 bxc6 7.e5 Nd5 8.Ne4 Qc7
9.f4 Qb6 10.c4 f5 11.cxd5 fxe4 12.d6 Bb7 13.h4 g6 14.Rh3 Ba6 15.Be3 Qa5+
16.Bd2 Qb6 17.Bxa6 Qxa6 18.Qe2 Qxe2+ 19.Kxe2 Rb8 20.b3 Bg7 21.Ke3 Rb5 22.Kxe4 O-O
23.Rc1 Rf5 24.g4 Rf8 25.Rc4 h6 26.g5 hxg5 27.hxg5 Kf7 28.Ra4 Ra8 29.Be3 a6
30.Bd4 Ke8 31.b4 Kf7 32.Bc5  1-0

[Event "TCh-FIN 2001-02"]
[Site "FIN"]
[Date "2001.10.20"]
[Round "2"]
[White "Nokso Koivisto,An"]
[Black "Kanko,I"]
[Result "1/2-1/2"]
[WhiteElo "2239"]
[BlackElo "2231"]

1.e4 c5 2.Nf3 e6 3.d4 cxd4 4.Nxd4 Nc6 5.Nc3 Qc7 6.Be2 a6 7.O-O Nf6 8.a3 Be7
9.Be3 O-O 10.f4 d6 11.Kh1 Bd7 12.Qe1 Nxd4 13.Bxd4 Bc6 14.Bf3 Rac8 15.Qg3 b5
16.Rad1 Qb7 17.e5 dxe5 18.fxe5 Ne4 19.Nxe4 Bxe4 20.c3 Bxf3 21.Rxf3 Bc5 22.Qf4 Bxd4
23.Rxd4 Rc4 24.Rfd3 Qd5 25.h3 Rxd4 26.Rxd4 Qc5 27.Rd7 h6 28.Kh2 Qc4 29.Qe3 Qa2
30.Qd2 Qb1 31.Rd6 Qe4 32.Qd4 Qxd4 33.cxd4 Ra8 34.Kg3 Kf8 35.Kf3 Ke7 36.Rb6 Ra7
37.b4 Kd7 38.Ke4 Kc7 39.Rd6  1/2-1/2

[Event "6th Wichern Open"]
[Site "Hamburg GER"]
[Date "2001.10.20"]
[Round "8"]
[White "Sebastian,D"]
[Black "Rahman,Zia"]
[Result "0-1"]
[WhiteElo "2361"]
[BlackElo "2476"]

1.e4 c5 2.Nf3 e6 3.d4 cxd4 4.Nxd4 Nc6 5.Nc3 a6 6.Nxc6 bxc6 7.Bd3 d5 8.O-O Nf6
9.Re1 Bb7 10.e5 Nd7 11.Na4 Qc7 12.Bf4 c5 13.c4 d4 14.Be4 Bxe4 15.Rxe4 Qc6
16.f3 Be7 17.b3 f5 18.exf6 gxf6 19.Nb2 e5 20.Nd3 Bd6 21.Bg3 O-O 22.Qd2 Rf7
23.Rae1 a5 24.Qh6 Bf8 25.Qh5 Bg7 26.Qf5 a4 27.f4 axb3 28.axb3 Ra3 29.fxe5 fxe5
30.Qg5 Ra1 31.Qd2 Qxe4 32.Rxa1 Qf5 33.Qe2 e4 34.Nf2 d3 35.Ra8+ Nf8 36.Qxe4 Qxe4
37.Nxe4 Bd4+  0-1

[Event "TCh-FIN 2001-02"]
[Site "FIN"]
[Date "2001.10.21"]
[Round "3"]
[White "Tiitta,S"]
[Black "Kanko,I"]
[Result "1-0"]
[WhiteElo "2237"]
[BlackElo "2231"]

1.e4 c5 2.Nf3 e6 3.d4 cxd4 4.Nxd4 Nc6 5.Nc3 Qc7 6.g3 a6 7.Bg2 Nf6 8.O-O Be7
9.Re1 Nxd4 10.Qxd4 Bc5 11.Bf4 d6 12.Qd1 e5 13.Be3 Be6 14.Nd5 Nxd5 15.exd5 Bf5
16.Rc1 O-O 17.c4 Bg6 18.Qd2 a5 19.Bxc5 Qxc5 20.Kh1 f5 21.f4 e4 22.b3 Rfc8
23.g4 Re8 24.gxf5 Bxf5 25.Re3 Qb4 26.Qd4 Re7 27.Rce1 Rae8 28.Kg1 b5 29.Kf2 bxc4
30.bxc4 Rc8 31.Rc1 Rf8 32.Rf1 Rc7 33.Rc1 Bg6 34.Kg3 Qa4 35.a3 Re7 36.Bh3 Qe8
37.c5 dxc5 38.Qxc5 Kh8 39.d6 Ref7 40.d7 Qd8 41.Qxf8+ Rxf8 42.Rc8 Kg8 43.Be6+ Bf7
44.Rxd8 Rxd8 45.Rc3  1-0

[Event "XVII Moratalaz Open"]
[Site "Madrid ESP"]
[Date "2001.10.21"]
[Round "5"]
[White "Korneev,O"]
[Black "Pogorelov,R"]
[Result "1-0"]
[WhiteElo "2572"]
[BlackElo "2401"]

1.e4 c5 2.Nf3 Nc6 3.d4 cxd4 4.Nxd4 e6 5.Nc3 Qc7 6.Be3 a6 7.Be2 Nf6 8.O-O Bb4
9.Na4 Bd6 10.g3 b5 11.Nb6 Rb8 12.Nxc8 Rxc8 13.a4 Nxd4 14.Bxd4 e5 15.Be3 Bc5
16.Qd3 Bxe3 17.Qxe3 O-O 18.axb5 axb5 19.c3 Rb8 20.Ra7 Qb6 21.Qxb6 Rxb6 22.f3 Rfb8
23.Kf2 Kf8 24.Rfa1 Ke7 25.Rc7 Ne8 26.Rc5 d6 27.Ra7+ Ke6 28.Rd5 Nf6 29.Rd1 R8b7
30.Rda1 d5 31.R1a6 dxe4 32.Rxb7 Rxa6 33.Rxb5 Rd6 34.fxe4 Nxe4+ 35.Ke3 f5
36.g4 g6 37.Bc4+ Kf6 38.h4 g5 39.hxg5+ Kxg5 40.gxf5 Nf6 41.Rb8 Rd7 42.Be2 Rg7
43.Rh8 Kxf5 44.Rf8 Ke6 45.Bc4+  1-0

[Event "WYB18"]
[Site "Oropesa del Mar ESP"]
[Date "2001.10.21"]
[Round "1"]
[White "Haddouche,M"]
[Black "Gagunashvili,M"]
[Result "1/2-1/2"]
[WhiteElo "2206"]
[BlackElo "2480"]

1.e4 c5 2.Nf3 e6 3.d4 cxd4 4.Nxd4 Nc6 5.Nc3 Qc7 6.Be2 a6 7.O-O Nf6 8.a3 Be7
9.Be3 O-O 10.Kh1 d6 11.f4 Bd7 12.Qe1 e5 13.fxe5 dxe5 14.Qg3 Kh8 15.Nf5 Bxf5
16.Rxf5 Rac8 17.Rd1 Nd4 18.Bxd4 exd4 19.Qxc7 Rxc7 20.Rxd4 Bxa3 21.bxa3 Rxc3
22.Bd3 Rxa3 23.h3 Ra1+ 24.Kh2 Re1 25.e5 Ng8 26.Rd7 Nh6 27.Rg5 Ra8 28.Bc4 g6
29.e6 fxe6 30.Rc5 b5  1/2-1/2

[Event "WYB18"]
[Site "Oropesa del Mar ESP"]
[Date "2001.10.22"]
[Round "2"]
[White "Jakubowski,K"]
[Black "Ni Hua"]
[Result "0-1"]
[WhiteElo "2387"]
[BlackElo "2538"]

1.e4 c5 2.Nf3 e6 3.d4 cxd4 4.Nxd4 Nc6 5.Nc3 Qc7 6.Be2 Nf6 7.O-O a6 8.Kh1 Nxd4
9.Qxd4 Bc5 10.Qd3 b5 11.Bg5 h5 12.f4 Ng4 13.e5 Bb7 14.Bf3 Rc8 15.Bxb7 Qxb7
16.Ne4 Qd5 17.a4 Qxd3 18.cxd3 Be7 19.axb5 f6 20.exf6 gxf6 21.Bh4 axb5 22.f5 d5
23.Nc3 Ne3 24.fxe6 b4 25.Nb5 Nxf1 26.Rxf1 f5 27.Bg3 O-O 28.h3 Rc5 29.Nd4 f4
30.Rxf4 Rxf4 31.Bxf4 Bf6 32.Nf5 Bxb2 33.d4 Ra5 34.Ne7+ Kf8 35.Bd6 Ra1+ 36.Kh2 b3
37.Nxd5+ Kg7 38.Be5+ Kg6 39.Nc7 Ba3 40.d5 Re1 41.d6 Rxe5 42.d7 Be7  0-1

[Event "WYG18"]
[Site "Oropesa del Mar ESP"]
[Date "2001.10.23"]
[Round "3"]
[White "Zigangirova,S"]
[Black "Urosevic,M"]
[Result "1-0"]
[WhiteElo "2189"]
[BlackElo "2049"]

1.e4 c5 2.Nf3 e6 3.d4 cxd4 4.Nxd4 Nc6 5.Nc3 Qc7 6.Be2 a6 7.O-O Nf6 8.Be3 Bb4
9.Na4 O-O 10.Nxc6 bxc6 11.Nb6 Rb8 12.Nxc8 Rfxc8 13.Bxa6 Rf8 14.Bd3 Bd6 15.f4 e5
16.b3 exf4 17.Bd4 f3 18.e5 Bxe5 19.Bxe5 Qxe5 20.Qxf3 d5 21.Rae1 Qd6 22.a4 c5
23.Kh1 Rb4 24.Bb5 Rh4 25.g3 Rh6 26.Qf4 Qd8 27.Kg2 d4 28.Bc4 Qd7 29.Kg1 Rh5
30.a5 Nd5 31.Qf3 Qh3 32.Rf2 Nf6 33.Re7 Kh8 34.a6 Ng8 35.Bf1 Qc8 36.Rxf7 Rxf7
37.Qxf7 Re5 38.Bc4 Re7 39.Qxg8+ Qxg8 40.Bxg8 Kxg8 41.Rf1 Ra7 42.Ra1 Kf7 43.Kf1 Ke6
44.Ke2 Kd6 45.Kd3 Kd5 46.Ra5 Kc6 47.Kc4 Kb6 48.Rxc5 Rd7 49.Rd5  1-0

[Event "Jonsson Mem Open"]
[Site "Reykjavik ISL"]
[Date "2001.10.23"]
[Round "1"]
[White "Thorhallsson,G"]
[Black "Stefansson,H"]
[Result "0-1"]
[WhiteElo "2279"]
[BlackElo "2575"]

1.e4 c5 2.Nf3 Nc6 3.d4 cxd4 4.Nxd4 e6 5.Nc3 Qc7 6.Be3 a6 7.a3 Nf6 8.Be2 Be7
9.O-O O-O 10.f4 d6 11.Kh1 Re8 12.Qd3 Nd7 13.Rad1 Bf8 14.Bg1 Nxd4 15.Bxd4 b5
16.f5 Ne5 17.Qg3 Bb7 18.Bxe5 dxe5 19.fxe6 Rxe6 20.Nd5 Bxd5 21.exd5 Rg6 22.Qd3 Rb6
23.Qe4 Rd8 24.Rf3 g6 25.g4 Rbd6 26.b3 Rb6 27.Rdf1 Rd7 28.a4 bxa4 29.Qxa4 Rb4
30.Qc6 Qd8 31.Bc4 Rb6 32.Qa4 Bh6 33.Bd3 Bf4 34.c4 Rc7 35.b4 Rcb7 36.Rb1 Qb8
37.c5 Rxb4 38.Rxb4 Rxb4 39.Qc2 e4 40.Bxe4 Qe5 41.Bd3 Qxd5 42.Be2 Bc7 43.Kg1 Rxg4+  0-1

[Event "TCh-SLO"]
[Site "Bled SLO"]
[Date "2001.10.24"]
[Round "7"]
[White "Krivec,J"]
[Black "Polajzer,D"]
[Result "1-0"]
[WhiteElo "2249"]
[BlackElo "2430"]

1.e4 c5 2.Nf3 e6 3.d4 cxd4 4.Nxd4 Nc6 5.Nc3 Qc7 6.g3 a6 7.Bg2 Nf6 8.O-O Nxd4
9.Qxd4 Bc5 10.Qd3 Be7 11.Bf4 Qa5 12.Bd6 e5 13.Rfd1 Qb6 14.Bxe5 Qxb2 15.Rab1 Qa3
16.Bxf6 gxf6 17.e5 fxe5 18.Bxb7 Bxb7 19.Qxd7+ Kf8 20.Qxb7 Kg7 21.Rb3 Rhb8
22.Qe4 Qc5 23.Rd5 Qc7 24.Qg4+ Kf8 25.Rd7 Qc6 26.Nd5 Rd8 27.Rxe7 Qxd5 28.Rbb7 Qxa2
29.Qf3  1-0

[Event "WYG16"]
[Site "Oropesa del Mar ESP"]
[Date "2001.10.24"]
[Round "4"]
[White "Vozovic,O"]
[Black "Worek,J"]
[Result "1-0"]
[WhiteElo "2271"]
[BlackElo "2203"]

1.e4 c5 2.Nf3 e6 3.d4 cxd4 4.Nxd4 Nc6 5.Nc3 Qc7 6.Be3 a6 7.g3 b5 8.Bg2 Bb7
9.Nb3 Ne5 10.O-O Rc8 11.Qd4 Nc4 12.Rae1 Be7 13.Bc1 Bf6 14.Nd5 Bxd4 15.Nxc7+ Rxc7
16.Nxd4 Ne7 17.c3 O-O 18.Rd1 Rd8 19.Rfe1 h6 20.Re2 d5 21.exd5 Bxd5 22.Nc2 Rcd7
23.Rde1  1-0

[Event "Open"]
[Site "Le Touquet FRA"]
[Date "2001.10.27"]
[Round "?"]
[White "Collas,D"]
[Black "Roos,M FRA"]
[Result "1-0"]
[WhiteElo "2414"]
[BlackElo "2093"]

1.e4 c5 2.Nf3 e6 3.d4 cxd4 4.Nxd4 Nc6 5.Nc3 d6 6.Be3 Nf6 7.f4 Be7 8.Qf3 Bd7
9.Nb3 a6 10.g4 O-O 11.g5 Ne8 12.h4 b5 13.O-O-O Qc8 14.e5 Nb4 15.Nd4 dxe5
16.fxe5 Nc7 17.Ne4 Ncd5 18.Nf6+ Bxf6 19.gxf6 Nxe3 20.Qxe3  1-0

[Event "Open"]
[Site "Le Touquet FRA"]
[Date "2001.10.27"]
[Round "?"]
[White "Kozakov,M"]
[Black "Collas,D"]
[Result "1-0"]
[WhiteElo "2473"]
[BlackElo "2414"]

1.e4 c5 2.Nf3 e6 3.d4 cxd4 4.Nxd4 Nc6 5.Nc3 Qc7 6.Be3 a6 7.Be2 Na5 8.O-O Nc4
9.Bxc4 Qxc4 10.Qd3 Qc7 11.f4 d6 12.Rad1 Bd7 13.Nf3 Bc6 14.Bd4 Nf6 15.e5 dxe5
16.Nxe5 Be7 17.f5 Bd5 18.Qg3 O-O 19.Nxd5 Nxd5 20.fxe6 f6 21.Nd7 Qxg3 22.hxg3 Rfd8
23.Nb6 Rab8 24.Bf2 Nc7 25.Rd7 Rxd7 26.exd7 Kf7 27.Nc8 Ne6 28.Ba7 Ra8 29.Bb6 g6
30.Re1 f5 31.Nxe7  1-0

[Event "Chigorin Mem Open"]
[Site "St Petersburg RUS"]
[Date "2001.10.27"]
[Round "2"]
[White "Fazulyanov,S"]
[Black "Poluljahov,A"]
[Result "1/2-1/2"]
[WhiteElo "2217"]
[BlackElo "2532"]

1.e4 c5 2.Nf3 e6 3.d4 cxd4 4.Nxd4 Nc6 5.Nc3 Qc7 6.Be2 a6 7.O-O Nf6 8.Be3 Be7
9.f4 d6 10.Kh1 O-O 11.Qe1 Nxd4 12.Bxd4 b5 13.a3 Bb7 14.Qg3 Bc6 15.Rae1 Rae8
16.Bf3 Kh8 17.Re2 Qb7 18.e5 dxe5 19.fxe5 Ng8 20.Bxc6 Qxc6 21.Qf3 Qxf3 22.Rxf3 Nh6
23.Ne4 Nf5 24.Rd3 Rc8 25.Bc3 Rfd8 26.Red2 h5  1/2-1/2

[Event "WYB18"]
[Site "Oropesa del Mar ESP"]
[Date "2001.10.28"]
[Round "7"]
[White "Perez Candelario,M"]
[Black "Rodriguez Guerrero,E"]
[Result "1-0"]
[WhiteElo "2393"]
[BlackElo "2324"]

1.e4 c5 2.Nf3 e6 3.d4 cxd4 4.Nxd4 Nc6 5.Nc3 Qc7 6.Be2 a6 7.O-O Nf6 8.Be3 Bb4
9.Na4 Be7 10.Nxc6 bxc6 11.Nb6 Rb8 12.Nxc8 Qxc8 13.Bd4 c5 14.Be5 Rb6 15.Qd3 Qc6
16.Bf3 d6 17.Bxf6 gxf6 18.b3 Qb5 19.Qd2 h5 20.Rae1 h4 21.h3 Rb8 22.Be2 Qc6
23.Bc4 Bf8 24.Qe2 a5 25.f4 Bg7 26.Rd1 Ke7 27.Qf3 Rbd8 28.Kh1 a4 29.f5 e5
30.Bd5 Qa6 31.Qg4 Bf8 32.bxa4 Rb8 33.Rb1 Rb4 34.c3 Rb2 35.Rfc1 Qb6 36.Qd1 Rg8
37.a5 Qb8 38.Rxb2 Qxb2 39.Qc2 Qb5 40.Qb3 Qe2 41.Qb7+ Kd8 42.Qb6+  1-0

[Event "WYG18"]
[Site "Oropesa del Mar ESP"]
[Date "2001.10.28"]
[Round "7"]
[White "Zigangirova,S"]
[Black "Stiri,A"]
[Result "1/2-1/2"]
[WhiteElo "2189"]
[BlackElo "2163"]

1.e4 c5 2.Nf3 e6 3.d4 cxd4 4.Nxd4 Nc6 5.Nc3 Qc7 6.Be2 a6 7.Be3 Nf6 8.O-O Bb4
9.Na4 Be7 10.Nxc6 bxc6 11.Nb6 Rb8 12.Nxc8 Qxc8 13.Bd4 c5 14.Be5 Rb6 15.Qd3 d6
16.Bc3 O-O 17.b3 d5 18.e5 Nd7 19.f4 c4 20.bxc4 Rc6 21.Qh3 Nb6 22.Bd3 g6 23.f5 exf5
24.Rxf5 Nxc4 25.e6 f6 26.Rxd5 Nb6 27.Bxg6 hxg6 28.Qh6 Nxd5 29.Qxg6+ Kh8 30.Qh6+ Kg8
31.Qg6+  1/2-1/2

[Event "WYB18"]
[Site "Oropesa del Mar ESP"]
[Date "2001.10.28"]
[Round "7"]
[White "Schneider,Dm"]
[Black "Gagunashvili,M"]
[Result "1/2-1/2"]
[WhiteElo "2401"]
[BlackElo "2480"]

1.e4 c5 2.Nf3 e6 3.Nc3 Nc6 4.d4 cxd4 5.Nxd4 Qc7 6.Be3 a6 7.Bd3 b5 8.Qe2 Bb7
9.Nb3 d6 10.O-O Nf6 11.f4 Be7 12.g4 Nd7 13.Rad1 O-O 14.g5 Nb4 15.Rf3 Nxd3
16.cxd3 Rae8 17.Rh3 g6 18.Rc1 Nc5 19.Nd4 Qd7 20.b4 Na4 21.Nxa4 bxa4 22.Qg4 f5
23.gxf6 Bxf6 24.Rg3 Kh8 25.Rg2 Rf7 26.Rgc2 e5 27.Qxd7 Rxd7 28.Nc6 Bg7 29.fxe5 dxe5
30.Rc3 Bf8 31.Kf2 Bxc6 32.Rxc6 Rxd3 33.Ke2 Ra3 34.R1c2 Bxb4 35.Rxa6 Kg7 36.Bg5 Rh3
37.Rc7+ Kg8 38.Rxa4 Rxh2+ 39.Kd3 Rh3+ 40.Ke2 Bf8 41.Raa7 Rb8 42.Rcb7 Rh2+
43.Kf3 Rc8 44.Rc7 Re8 45.a4 Rb8  1/2-1/2

[Event "WYG18"]
[Site "Oropesa del Mar ESP"]
[Date "2001.10.29"]
[Round "8"]
[White "Zhao Dindin"]
[Black "Urosevic,M"]
[Result "1-0"]
[WhiteElo "2220"]
[BlackElo "2049"]

1.e4 c5 2.Nf3 e6 3.d4 cxd4 4.Nxd4 Nc6 5.Nc3 Qc7 6.g3 a6 7.Bg2 Nf6 8.Nb3 Be7
9.O-O O-O 10.a4 d6 11.a5 Bd7 12.f4 Na7 13.Be3 Bc6 14.Nd4 Nb5 15.Nxc6 bxc6
16.Nxb5 axb5 17.b4 Ra6 18.g4 d5 19.e5 Nd7 20.c3 c5 21.Bd2 Rc8 22.Kh1 Qb8
23.Rc1 Nf8 24.Qe1 Ng6 25.g5 Bf8 26.h4 Ne7 27.Bh3 Nf5 28.Bxf5 exf5 29.Qe3 Qb7
30.Qf3 g6 31.h5 cxb4 32.cxb4 Rc4 33.h6 Qc6 34.Rxc4 bxc4 35.Rb1 Qb5 36.Bc3 Rxa5
37.Qd1 Ra6 38.Qd4 Re6 39.Ra1 Qb7 40.Ra5 Qb6 41.Qxb6 Rxb6 42.Ra8 Rb7 43.Bd4 f6
44.e6 Rxb4 45.e7  1-0

[Event "WYG18"]
[Site "Oropesa del Mar ESP"]
[Date "2001.10.29"]
[Round "8"]
[White "Anhchimeg,B"]
[Black "Stiri,A"]
[Result "1-0"]
[WhiteElo "2194"]
[BlackElo "2163"]

1.e4 c5 2.Nf3 e6 3.d4 cxd4 4.Nxd4 Nc6 5.Nc3 Qc7 6.Be3 Nf6 7.Bd3 a6 8.O-O b5
9.f3 h5 10.Qe1 Bb7 11.Kh1 Bd6 12.Qh4 Ne7 13.Bg1 Ng6 14.Qe1 h4 15.Nce2 Nh5
16.a4 b4 17.h3 Ng3+ 18.Nxg3 hxg3 19.Ne2 Rh4 20.a5 Rc8 21.Bb6 Qb8 22.Rc1 Ke7
23.Be3 Rh5 24.f4 Rxa5 25.Qxg3 Rh5 26.e5 Bc5 27.Bxc5+ Rxc5 28.Bxg6 fxg6 29.Qxg6 Qh8
30.Kg1 Rc4 31.Qd3 Qc8 32.Ng3 Rh6 33.f5 Qc5+ 34.Kh2 Bc6 35.Qd2 Rd4 36.Qg5+ Ke8
37.f6  1-0

[Event "WYB18"]
[Site "Oropesa del Mar ESP"]
[Date "2001.10.30"]
[Round "9"]
[White "Schneider,Dm"]
[Black "Himanshu,S"]
[Result "1-0"]
[WhiteElo "2401"]
[BlackElo "2189"]

1.e4 c5 2.Nf3 e6 3.Nc3 Nc6 4.d4 cxd4 5.Nxd4 d6 6.g3 Nxd4 7.Qxd4 Ne7 8.Bg2 Nc6
9.Qd2 Be7 10.O-O O-O 11.b3 a6 12.Bb2 Qc7 13.Ne2 b5 14.Qc3 e5 15.Qd2 Bb7 16.Rac1 Rac8
17.a3 Qb6 18.Kh1 a5 19.Nc3 Nd4 20.Nd5 Bxd5 21.exd5 b4 22.axb4 axb4 23.Qe3 Bd8
24.Qd3 Bf6 25.Be4 h6 26.Bxd4 Qxd4 27.Qxd4 exd4 28.Bd3 Rc5 29.Ra1 Rb8 30.Ra7 Bd8
31.Re1 Bb6 32.Rd7 Rbc8 33.Rxd6 Kf8 34.Rc6 R8xc6 35.dxc6 Rxc6 36.Bb5 Rc8 37.Re5 f6
38.Rd5  1-0

[Event "WYB16"]
[Site "Oropesa del Mar ESP"]
[Date "2001.10.30"]
[Round "9"]
[White "Shanava,K"]
[Black "Berkes,F"]
[Result "1-0"]
[WhiteElo "2332"]
[BlackElo "2541"]

1.e4 c5 2.Nf3 e6 3.d4 cxd4 4.Nxd4 Nc6 5.Nc3 Qc7 6.Be3 a6 7.Be2 Nf6 8.O-O Bb4
9.Nxc6 bxc6 10.Na4 Be7 11.Nb6 Rb8 12.Nxc8 Qxc8 13.e5 Nd5 14.Bc1 Bc5 15.c4 Ne7
16.b3 Qc7 17.Bb2 Ng6 18.Kh1 O-O 19.f4 Rfd8 20.Qc2 d6 21.exd6 Rxd6 22.f5 exf5
23.Rxf5 Bb4 24.Bc1 Re6 25.c5 Rbe8 26.Bf1 Re1 27.a3 Nh4 28.Rf2 Qa5 29.Qc4 Bxc5
30.Qxf7+ Kh8 31.Bb2 Rg8 32.b4  1-0

[Event "WYB18"]
[Site "Oropesa del Mar ESP"]
[Date "2001.10.30"]
[Round "9"]
[White "Ni Hua"]
[Black "Mastrovasilis,D"]
[Result "0-1"]
[WhiteElo "2538"]
[BlackElo "2426"]

1.e4 c5 2.Nf3 e6 3.d4 cxd4 4.Nxd4 Nc6 5.Nc3 Qc7 6.Be2 a6 7.O-O Nf6 8.Kh1 Nxd4
9.Qxd4 Bc5 10.Qd3 b5 11.f4 Bb7 12.Bf3 h5 13.e5 Ng4 14.Bxb7 Qxb7 15.Ne4 Be7
16.Bd2 Rc8 17.Rae1 Nh6 18.Qf3 Qa8 19.Qxh5 Rxc2 20.f5 exf5 21.Bxh6 Rxh6 22.Qxf5 Qc6
23.Qxf7+ Kd8 24.Rf2 Rc4 25.Qf3 Bb4 26.Ree2  0-1

[Event "Chigorin Mem Open"]
[Site "St Petersburg RUS"]
[Date "2001.10.30"]
[Round "5"]
[White "Paramonov,D"]
[Black "Mirovshchikov,S"]
[Result "0-1"]
[WhiteElo "2309"]
[BlackElo "2406"]

1.e4 c5 2.Nf3 e6 3.d4 cxd4 4.Nxd4 Nc6 5.Nc3 d6 6.Be2 Nf6 7.Be3 Be7 8.O-O O-O
9.f4 e5 10.Nb3 exf4 11.Bxf4 Be6 12.Kh1 d5 13.e5 Nd7 14.Nxd5 Ndxe5 15.c4 Bg5
16.Nc5 Bxf4 17.Rxf4 b6 18.Ne4 Kh8 19.Qd2 b5 20.Nec3 bxc4 21.Bxc4 g5 22.Re4 Bf5
23.Bb3 Bxe4 24.Nxe4 f6 25.Nc5 Qa5 26.Qf2 Ng4 27.Qg1 Qd2 28.Rf1 Rae8 29.Nd7 Re1
30.h3 Rxf1 31.Qxf1 Re8  0-1